01312cam a22003375i 450000100090000000300090000900500170001800800410003502000250007604000430010108200200014424501360016426400720030026400100037230000470038233600260042933700280045533800270048349000410051050400520055165000300060365000270063365000350066065300210069565500170071670000340073370000360076794200120080399900170081595201420083217146620EG-ScBUE20260104100812.0120202t2012 flua f b 001 0 eng  a9781439871911 (hbk.) aEG-ScBUEbengerdacEG-ScBUEdEG-ScBUE04a548.83222bOPT00aOptical properties of photonic structures :binterplay of order and disorder /cedited by Mikhail F. Limonov, Richard M. De La Rue. 1aBoca Raton, Florida : bCRC Press, Taylor & Francis Group, c[2012] 4cc2012 axvii, 514 pages :billustrations ;c26 cm. 2rdacontentatextbtxt aunmediated2rdamediabn avolumebnc2rdacarrier0 aSeries in optics and optoelectronics aIncludes bibliographical references and index.  7aPhotonic crystals.2BUEsh 7aCrystal optics.2BUEsh 7aNonlinear optics.2BUEsh96537 bPPhrmcMarch2016 vReading book1 aLimonov, Mikhail F.,eeditor.1 aDe La Rue, Richard M.,eeditor. 2ddccBB c21404d21376 00102ddc40708BaccahaMAINbMAINc1STd2016-03-14ePurchaseg1150.00h1l0o548.83 OPTp000032016r2025-07-15 00:00:00w2016-03-14yBB